000 00954nam a2200289 i 4500
003 EG-GICUC
005 20260212192541.0
008 260212s1998 be ||||fr|||| 000 0 fre d
020 _a2802711822
040 _aEG-GiCUC
_bfre
_cEG-GiCUC
_dEG-GiCUC
_eRda
082 0 4 _221
_a341.73
_bBO
092 0 4 _221
099 _aLaw1 11 341.73 BO 1998
245 1 0 _aBoutros Boutros-ghali Amicorum Discipulorumque Liber :
_bPaix, Développement, Démocratie Peace, Development, Democracy.
_c
_nVolume I /
264 1 _aBruxelles :
_bBruylant,
_c1998.
300 _a843page :
_billustration ;
_c 24 cm.
336 _2rda contenu
_a texte
337 _2rda medias
_aOrdinateur
338 _2 transporteur rda
_a Ressource en ligne
504 _a
546 _aTexte en français
650 1 4 _aDroit international public
_2
651 1 _2
856 4 0 _uhttps://fll.law.cu.edu.eg/fulltext/bks/B11-07309.pdf
905 _a50
942 _2ddc
_cBK
_e21
_n0
999 _c62962
_d62962